000 00582nam a2200229Ia 4500
003 OSt
005 20220913153616.0
008 210210b1989 xxu||||| |||| 00| 0 eng d
020 _a817019332X
040 _cAL
041 _aeng
082 _a597 DAYF
100 _aDAY (Francis)
_957369
245 _aFauna of british India Ceylon and Burma: fishes Vol II
260 _aNew Delhi
_bToday & Tomorrows Printers and Publishers
_c1989
300 _axiv,509
440 _aII
_957370
650 _aVol
_957371
690 _aFishes
_957372
906 _a069455
942 _2ddc
_cBK
999 _c118930
_d118930